Statistics for Iraqi Airways Destinations-Basra

Click here to take the quiz!

General Stats

  • This quiz has been taken 6 times
  • The average score is 7 of 8

Answer Stats

Country Airport % Correct
EgyptCairo
100%
IndiaDelhi
100%
IraqBaghdad
100%
JordanAmman
100%
LebanonBeirut
100%
TurkeyIstanbul
100%
IraqErbil
80%
IraqSulaimaniyah
60%

Score Distribution

Percentile by Number Answered

Percent of People with Each Score

Your Score History

You have not taken this quiz